000 00619nam a2200229Ia 4500
003 OSt
005 20220928111459.0
006 a|||||r|||| 00| 0
007 ta
008 220927b |||||||| |||| 00| 0 san d
024 _a139084
037 _cTextual
040 _aSDCL
_cSDCL
_bsan
041 _2san
_asan
082 _aO15,3N39,3, N3
100 _aMishra Ram kishor
_9423834
245 0 _aAnatardahah.
260 _aUttar
_bPradesh Mahamana- Malveeya- Mahavidyalaya
_c1989
300 _a80p.
_ccm.
942 _hO15,3N39,3, N3
_cTEXL
_2CC
999 _c740414
_d740414